000 00453nam a2200181Ia 4500
001 24141
005 20260414151023.0
008 260414t2008||||xx |||||||||||||| ||spa||
041 _aESP
082 _a781.62985
_bF47
100 _aRomero, Raul R.
_eAUT
245 0 _aFiesta en los andes :
_britos, música y danzas del Perú
260 _c2008
300 _a199 páginas :
_c31 cm.
650 _aABD
654 _aCAU
942 _cLIB
_dJUS
_fJUS
_2ddc
_n
999 _c24141
_d24141